| 000 | 00950nam a22001577a 4500 | ||
|---|---|---|---|
| 999 |
_c63768 _d63768 |
||
| 003 | Ge_BSU | ||
| 005 | 20260109210157.0 | ||
| 008 | 260109s1975 ge ||||| |||| 00| 0 geo d | ||
| 041 | _ageo | ||
| 080 | _a329.150.21 : 338.26(47+57) ს-13 | ||
| 245 |
_aსსრ კავშირის სახალხო მეურნეობის განვითარების ძირითადი მიმართულებანი 1976-1980 წლებში : _bსკკპ ცენტრ. კომ-ტის პროექტი XXV ყრილობისათვის. |
||
| 264 |
_aთბ. : _b საქ. კპ ცკ-ის გამ-ბა, _c1975. |
||
| 300 |
_a107გვ. ; _b20სმ. |
||
| 653 | _aსსრ კავშირის სახალხო მეურნეობის განვითარების ხუთწლიანი გეგმა, 1976-1980 წ.წ. | ||
| 942 |
_2udc _cᲬᲘᲒᲜᲘ |
||